History Quiz

Random History or Clickable Quiz
Score 0/50 Timer 04:00
5 Plays Today
% Correct
Adolf
99.3%
Albert
98.2%
Winston
96.2%
Christopher
96%
Julius
95.5%
Fidel
95.4%
Napoleon
94.8%
Saddam
93.8%
William
93.7%
Nelson
93.4%
Isaac
93.4%
Pablo
93.2%
Alfred
93.2%
Neil
93.1%
Amelia
92.5%
Thomas
91.5%
Sigmund
91.4%
Karl
90.8%
Margaret
90.7%
Richard
89.8%
Anne
88.4%
Marco
88.4%
Andy
88.4%
Rosa
88.1%
Joseph
88%
% Correct
Marie
87.1%
Malcolm
86.5%
Florence
85.7%
Harry
85.7%
Mohandas
84.3%
Benito
83.4%
Helen
83.2%
Mikhail
79%
Che
78.4%
Charles
74.7%
Stanley
71.9%
Nikola
68.4%
Pol
68.3%
Victor
67.8%
Howard
67.8%
Lev/Leo
67.1%
Friedrich
63.8%
Pancho
62.5%
Leon
60.3%
Yuri
59.9%
Henri
55.9%
Franz
55.1%
Mata
54.9%
Golda
54.5%
Nicholas
48.4%

You're not logged in!

Compare scores with friends on all Sporcle quizzes.
OR
Log In

Sporcle TV

Today on Sporcle TV


Watch our educational content, quiz creation guides, and fun videos on Sporcle TV.

Show Comments

Extras

Top Quizzes Today


Score Distribution

Your Account Isn't Verified!

In order to create a playlist on Sporcle, you need to verify the email address you used during registration. Go to your Sporcle Settings to finish the process.

Report this User

Report this user for behavior that violates our Community Guidelines.

Details: